000 00779nam a2200265Ia 4500
003 OSt
005 20220926011314.0
006 a|||||r|||| 00| 0
007 ta
008 220923b |||||||| |||| 00| 0 eng d
020 _c
_4950
037 _b187, 10/08/1987, S.B.D.
_cGeneral Book
040 _aRTL
_cRTL
_beng
041 _2eng
_aeng
082 _aX:89Q8, M7
100 _aPall Gabriel A.
_9313886
245 0 _aQuality process management
260 _aNew Jersey
_bPrentice-Hall USA
_c1987
300 _axv, 304p
_ccm.
500 _aBibliography P 289-292; Appendix P 264-288
650 _a Economics
650 _aQuality Control
942 _hX:89Q8, M7
_cGB
_2CC
999 _c619605
_d619605